ՀՀ Գիտությունների ազգային ակադեմիայի հիմնարար գիտական գրադարան  =   Fundamental Scientific Library of NAS RA

Պիոներիտ : (Record no. 90889)

MARC details
000 -LEADER
fixed length control field 00768nam a2200193 a 4500
001 - CONTROL NUMBER
control field 000253103
003 - CONTROL NUMBER IDENTIFIER
control field AM-YeHGA
005 - DATE AND TIME OF LATEST TRANSACTION
control field 20250617125059.0
008 - FIXED-LENGTH DATA ELEMENTS--GENERAL INFORMATION
fixed length control field 030808s1929 ai 000 | arm d
040 ## - CATALOGING SOURCE
Original cataloging agency AM-YeHGA
090 ## - LOCALLY ASSIGNED LC-TYPE CALL NUMBER (OCLC); LOCAL CALL NUMBER (RLIN)
-- 92184
245 10 - TITLE STATEMENT
Title Պիոներիտ :
Remainder of title Պիես 3 գործողութեամբ /
Statement of responsibility, etc. Ոպրիշկո; Փոխադր.՝ Պ.Պ.Տ.; Քաղ. լուս. գլխ. վարչ.
260 ## - PUBLICATION, DISTRIBUTION, ETC.
Place of publication, distribution, etc. Յերևան :
Name of publisher, distributor, etc. Պետհրատ,
Date of publication, distribution, etc. 1929.
300 ## - PHYSICAL DESCRIPTION
Extent 38 էջ ;
Dimensions 23 սմ.
440 #0 - SERIES STATEMENT/ADDED ENTRY--TITLE
Title Բանգյուղ թատրոն
Volume/sequential designation N 11
650 14 - SUBJECT ADDED ENTRY--TOPICAL TERM
Topical term or geographic name entry element Ուկրաինական գրականություն
General subdivision Թատերգություն
700 0# - ADDED ENTRY--PERSONAL NAME
Personal name Պ.Պ.Տ.
Relator term փոխադր.
Relationship trl
710 2# - ADDED ENTRY--CORPORATE NAME
Corporate name or jurisdiction name as entry element Քաղաքական լուսավորության գլխավոր վարչություն
Holdings
Withdrawn status Lost status Damaged status Not for loan Collection Home library Current library Date acquired Total checkouts Full call number Barcode Date last seen Price effective from Koha item type Public note
        General Fundamental Scientific Library Fundamental Scientific Library 22/12/2016   AII/38758 220038758 22/12/2016 22/12/2016 Գրքեր / Books 30 Days Loan
        General Fundamental Scientific Library Fundamental Scientific Library 22/12/2016   AII/38759 220038759 22/12/2016 22/12/2016 Գրքեր / Books 30 Days Loan


ՀՀ ԳԱԱ հիմնարար գիտական գրադարան
ՀՀ,Երևան 0019
Մարշալ Բաղրամյան 24/6
հեռախոս:(374-10) 52-47-50
Հետադարձ կապ

All site content, except where otherwise noted, is licensed under a
Creative Commons License